000 00464nam a2200181Ia 4500
008 230524s9999 xx 000 0 und d
020 _a9781605357386
082 _a571.8
_bGIL
100 _aScott F. Gilbert
_945097
245 0 _aDevelopmental Biology
250 _a11
260 _aNew York
_bOxford
_c2021
300 _a"xxiii,810p;"
500 _aQuantity Number: 1
650 _aBiotechnology
_945098
700 _aMichael J.Barresi
_945099
942 _cBK
999 _c60667
_d60667